000 00587nam a2200181 i 4500
001 42218
003 ES-MaACL
005 20230906160552.0
007 t|
008 030313s1981 sp ||||1| spa d
100 1 _aCastillejo Brull, José Luis.
_936663
245 1 0 _aTeoría de la educación /
_cJosé Luis Castillejo Brull, Juan Escámez Sánchez, Ricardo Marín Ibáñez.
260 _a[Madrid] :
_bAnaya,
_c[1981]
300 _a159 p. ;
_c22 cm.
700 1 _aEscámez Sánchez, Juan.
_947491
700 0 _aMarín Ibáñez, Ricardo.
_976792
852 _aES-MaACL
_jL-1368
_bR.101493
999 _c42218
_d42218